[Event "Principal A 2023/2024"]
[Site "Vitrolles"]
[Date "2023.09.30"]
[Round "1"]
[White "Rasolo, Loick"]
[Black "Baroyan, Davit"]
[Result "1-0"]
[WhiteElo "1993"]
[BlackElo "2211"]
[PlyCount "67"]

1. e4 c5 2. Nc3 d6 3. Nf3 Nf6 4. e5 dxe5 5. Nxe5 Nbd7 6. d4 e6 7. Bb5 Bd6 8.
Bg5 Qc7 9. Bxf6 gxf6 10. Nxd7 Bxd7 11. Bxd7+ Qxd7 12. dxc5 Bxc5 13. Qxd7+ Kxd7
14. Ne4 Bb4+ 15. c3 Be7 16. O-O-O+ Kc7 17. Rd3 f5 18. Rhd1 Rad8 19. Rxd8 Bxd8
20. Nc5 Kc6 21. Nd3 Bc7 22. Nb4+ Kb6 23. g3 a5 24. Nc2 h5 25. Rd7 Rh7 26. Nd4
h4 27. gxh4 Rxh4 28. Rxf7 Bxh2 29. Nxe6 Re4 30. Nd4 f4 31. f3 Re1+ 32. Kc2 a4
33. Rf6+ Ka7 34. Nb5+ 1-0

[Event "Principal A 2023/2024"]
[Site "Vitrolles"]
[Date "2023.09.30"]
[Round "1"]
[White "Busson, Benoit"]
[Black "Urcun, Gael"]
[Result "1-0"]
[WhiteElo "1860"]
[BlackElo "1808"]
[PlyCount "55"]

1. e4 c6 2. Nf3 d5 3. Nc3 Bg4 4. h3 Bxf3 5. Qxf3 e6 6. d4 Nf6 7. e5 Nfd7 8. Be3
c5 9. Qg3 cxd4 10. Bxd4 Nc6 11. O-O-O Nxd4 12. Rxd4 a6 13. Be2 Rc8 14. f4 Qc7
15. Bd1 g6 16. Re1 Qa5 17. a3 Bc5 18. Rd3 Qc7 19. f5 O-O 20. b4 Ba7 21. f6 d4
22. Qg5 Kh8 23. Qh6 Rg8 24. Ne4 Nf8 25. Ng5 Rd8 26. Re4 Rd7 27. Nxh7 Nxh7 28.
Qxh7+ 1-0

[Event "Principal A 2023/2024"]
[Site "Vitrolles"]
[Date "2023.09.30"]
[Round "1"]
[White "Fabet, Olivier"]
[Black "Tiran, Baptiste"]
[Result "1-0"]
[WhiteElo "1625"]
[BlackElo "1767"]
[PlyCount "65"]

1. e4 e5 2. Nf3 Nf6 3. Nxe5 d5 4. d4 Nxe4 5. Bd3 Bd6 6. Nd2 Bf5 7. Qf3 Qf6 8.
Nxe4 Bxe4 9. Bxe4 Bxe5 10. Bxd5 Bxd4 11. Qxf6 Bxf6 12. Bxb7 c6 13. Bxa8 Kd7 14.
O-O Na6 15. Rd1+ Kc7 16. Bf4+ Kb6 17. Bxc6 Kxc6 18. Rd6+ Kb7 19. c3 Nc5 20.
Rad1 Rc8 21. Be3 Be7 22. Bxc5 Rxc5 23. Rd7+ Rc7 24. Kf1 Bf6 25. Rxc7+ Kxc7 26.
Ke2 Kc6 27. Kd3 Kb5 28. b3 a5 29. a4+ Kc5 30. Re1 Kd5 31. Re8 Be5 32. Rxe5+
Kxe5 33. b4 1-0

[Event "Principal B 2023/2024"]
[Site "Vitrolles"]
[Date "2023.09.30"]
[Round "1.1"]
[White "Hileyan, Michel"]
[Black "Derige Kane, Yan"]
[Result "0-1"]
[WhiteElo "1735"]
[BlackElo "2134"]
[PlyCount "102"]

1. d4 d5 2. Bf4 c5 3. e3 Nc6 4. c3 Nf6 5. Nd2 Bf5 6. Ngf3 e6 7. Nh4 Bg4 8. Qb3
Qd7 9. h3 Bh5 10. Nhf3 Bd6 11. Ne5 Qc7 12. g4 Bg6 13. Nxg6 hxg6 14. Bxd6 Qxd6
15. Bg2 O-O 16. O-O c4 17. Qd1 e5 18. dxe5 Nxe5 19. e4 dxe4 20. Nxe4 Nxe4 21.
Bxe4 Qf6 22. Qc2 Qh4 23. Kg2 f5 24. Bd5+ Kh8 25. f3 Nd3 26. Qd2 g5 27. Bxc4
Nf4+ 28. Kh1 Nxh3 29. Qh2 fxg4 30. Be6 Nf4 31. Bxg4 Rae8 32. Qxh4+ gxh4 33.
Rfe1 Nd3 34. Rxe8 Rxe8 35. Bf5 Nxb2 36. Be4 b6 37. Rb1 Na4 38. Rc1 Rc8 39. c4
b5 40. c5 Rxc5 41. Rd1 g5 42. Rd8+ Kg7 43. Rd7+ Kf6 44. Rxa7 Nc3 45. Bd3 Rd5
46. Bc2 Ke5 47. Bb3 Rd2 48. Rf7 Ne2 49. a4 Ng3+ 50. Kg1 h3 51. Rh7 Rg2# 0-1

[Event "Principal B 2023/2024"]
[Site "Vitrolles"]
[Date "2023.09.30"]
[Round "1.3"]
[White "Roganova, Maxime"]
[Black "Nobili, Denis"]
[Result "0-1"]
[WhiteElo "1879"]
[BlackElo "1835"]
[PlyCount "120"]

1. e4 d6 2. d4 Nf6 3. Nc3 g6 4. Bg5 c6 5. Qd2 b5 6. a3 Qc7 7. d5 a6 8. dxc6
Nxc6 9. Bxf6 exf6 10. Nd5 Qd8 11. Qc3 Ne5 12. Nc7+ Kd7 13. Nxa8 Bb7 14. f4 Nc6
15. O-O-O Bxa8 16. e5 fxe5 17. fxe5 Qg5+ 18. Kb1 Qxe5 19. Qh3+ f5 20. Nf3 Qf6
21. Qh4 Bg7 22. Qxf6 Bxf6 23. c4 bxc4 24. Bxc4 Rb8 25. Rd2 Na5 26. Ba2 Be4+ 27.
Ka1 Nb3+ 28. Bxb3 Rxb3 29. Nd4 Rb6 30. Rhd1 h5 31. g3 Bg5 32. Re2 Bf6 33. Red2
Bg5 34. Re2 Bf6 35. Re3 Be5 36. Rd2 Bf6 37. Ne2 Rc6 38. Ka2 d5 39. h4 Be5 40.
Nc3 Ke6 41. Ne2 Kf6 42. Nd4 Rc4 43. Ne2 g5 44. b3 Rc6 45. hxg5+ Kxg5 46. a4 h4
47. gxh4+ Kxh4 48. Ka3 Bd6+ 49. b4 a5 50. Rd4 axb4+ 51. Rxb4 Kg4 52. a5 f4 53.
Rc3 Rxc3+ 54. Nxc3 f3 55. a6 f2 56. Nd1 Kf3 57. Nxf2 Kxf2 58. a7 d4 59. Kb3
Bxb4 60. Kc4 Ke3 0-1

[Event "Principal A 2023/2024"]
[Site "Vitrolles"]
[Date "2023.10.07"]
[Round "2"]
[White "Rasolo, Loick"]
[Black "Fabet, Olivier"]
[Result "1/2-1/2"]
[WhiteElo "2005"]
[BlackElo "1625"]
[PlyCount "136"]

1. e4 e5 2. Nf3 Nf6 3. d4 Nxe4 4. Bd3 d5 5. Nxe5 Bd6 6. Nd2 Nf6 7. Ndf3 Nbd7 8.
O-O O-O 9. Re1 c5 10. c3 c4 11. Bb1 Qc7 12. Qc2 Ne4 13. Ng5 Nxg5 14. Bxg5 f5
15. Qe2 Nf6 16. Bxf6 Rxf6 17. f4 Bd7 18. Bc2 b5 19. Qf3 Bc6 20. b3 Rd8 21. a4
Bf8 22. Qh3 g6 23. Qh4 Rdd6 24. Nxc6 Rxc6 25. axb5 Rb6 26. bxc4 dxc4 27. Ra2
Kg7 28. Rea1 Rf7 29. Ra5 Bd6 30. Qf2 Qb8 31. Rf1 Rxb5 32. Rxb5 Qxb5 33. g3 a5
34. Rb1 Qa6 35. d5 Qa7 36. Rb6 {(=)} Qe7 37. Rc6 Rf8 38. Kg2 Re8 39. Qd4+ Kh6
40. Bd1 a4 41. Bxa4 Qe2+ 42. Qf2 Qe4+ 43. Qf3 Ba3 44. Bd1 Rd8 45. Qxe4 fxe4 46.
Bc2 Rxd5 47. Bxe4 Rc5 48. Rxc5 Bxc5 49. Bd5 Be3 50. Bxc4 Bd2 51. Kf3 Bxc3 52.
g4 Kg7 53. h4 Bb2 54. g5 Bc3 55. Kg4 Bb2 56. h5 Bc3 57. f5 gxf5+ 58. Kxf5 Bb2
59. h6+ Kf8 60. Ke6 Bc3 61. Bd3 Kg8 62. Ke7 Bb2 63. Bc4+ Kh8 64. Kf7 Bc3 65.
Bd3 Bb2 66. Bxh7 Kxh7 67. g6+ Kxh6 68. g7 Bxg7 1/2-1/2

[Event "Principal A 2023/2024"]
[Site "Vitrolles"]
[Date "2023.10.07"]
[Round "2"]
[White "Tiran, Baptiste"]
[Black "Busson, Benoit"]
[Result "1/2-1/2"]
[WhiteElo "1670"]
[BlackElo "1860"]
[PlyCount "131"]

1. e4 e6 2. c4 d5 3. cxd5 exd5 4. Qb3 Nf6 5. exd5 Qxd5 6. Qxd5 Nxd5 7. Nc3 Nb4
8. Kd1 Bf5 9. Bb5+ c6 10. Ba4 Bc5 11. Nge2 Nd3 12. Ng3 Nxf2+ 13. Ke1 Bd3 14.
Rf1 Bxf1 15. Kxf1 O-O 16. b4 Bb6 17. b5 Re8 18. h3 Nd3 19. Ba3 Bc5 20. bxc6
Nxc6 21. Bxc5 Nxc5 22. Bb5 Rad8 23. Rd1 Nd3 24. Nge4 a6 25. Bxd3 Rxd3 26. Nc5
Rd4 27. Nxb7 Re5 28. Rb1 Rf4+ 29. Kg1 Rb4 30. Rxb4 Nxb4 31. Nd6 Nd3 32. g3 h5
33. Kg2 Re6 34. Nf5 g6 35. Ne3 f5 36. Kf3 Kf7 37. Ned5 g5 38. Nc7 Rc6 39. N7d5
Ke6 40. Ke3 Ne5 41. Nb4 Rd6 42. d4 Nc4+ 43. Kd3 Nb2+ 44. Ke3 a5 45. d5+ Kf6 46.
Nc6 a4 47. Kd4 Rd7 48. Ne5 Rd8 49. Nb5 Nd1 50. Nd3 f4 51. gxf4 g4 52. hxg4 hxg4
53. d6 g3 54. Ne1 Kf5 55. Kd5 Ne3+ 56. Kc6 g2 57. Nxg2 Nxg2 58. Kc7 Rh8 59. d7
Nxf4 60. Nc3 Ne6+ 61. Kd6 Rh4 62. Ke7 Rd4 63. Nb5 Rd2 64. Nd6+ Rxd6 65. Kxd6
Kf6 66. Kd5 1/2-1/2

[Event "Principal A 2023/2024"]
[Site "Vitrolles"]
[Date "2023.10.07"]
[Round "2.3"]
[White "Baroyan, Davit"]
[Black "Urcun, Gael"]
[Result "1-0"]
[WhiteElo "2216"]
[BlackElo "1808"]
[PlyCount "63"]

1. Nf3 Nf6 2. g3 g6 3. b3 Bg7 4. Bb2 d6 5. d4 O-O 6. Bg2 c6 7. O-O Bf5 8. c4
Na6 9. Nh4 Bd7 10. e4 Qc7 11. f4 Ng4 12. Qd2 Rad8 13. h3 Nf6 14. e5 dxe5 15.
fxe5 Ne8 16. Qe3 Be6 17. Nc3 Qd7 18. d5 cxd5 19. cxd5 Bxh3 20. e6 Bxe6 21. dxe6
Bd4 22. exd7 Bxe3+ 23. Kh1 Rxd7 24. Rad1 Nd6 25. Nd5 Bg5 26. Nf3 Bh6 27. Ne5
Rfd8 28. Nxd7 Rxd7 29. Nxe7+ Rxe7 30. Rxd6 f5 31. Bd5+ Kf8 32. Rd8+ 1-0

[Event "Principal B 2023/2024"]
[Site "Vitrolles"]
[Date "2023.10.07"]
[Round "2.2"]
[White "Nobili, Denis"]
[Black "Pinto, Axel"]
[Result "0-1"]
[WhiteElo "1835"]
[BlackElo "1928"]
[PlyCount "88"]

1. Nf3 Nf6 2. c4 g6 3. b3 Bg7 4. Bb2 O-O 5. g3 d6 6. Bg2 e5 7. d3 Nc6 8. O-O
Nh5 9. Qd2 f5 10. Ng5 Qe8 11. f4 h6 12. Bd5+ Kh8 13. Nh3 Nf6 14. Bg2 e4 15. Na3
a6 16. Nc2 Bd7 17. d4 d5 18. e3 Nd8 19. a4 dxc4 20. bxc4 Bxa4 21. Rfc1 Bd7 22.
Nf2 Qf7 23. Bf1 Rg8 24. Na3 g5 25. Kh1 gxf4 26. exf4 Qg6 27. Be2 Nf7 28. Rg1 e3
29. Qxe3 Rae8 30. Qd3 Ne4 31. Nxe4 Rxe4 32. Rab1 Rge8 33. Bf1 Re3 34. Qd2 Qg4
35. Rg2 Nd6 36. Nc2 R3e7 37. Qd1 Qg6 38. Re2 Ne4 39. Ne3 Nxg3+ 40. hxg3 Rxe3
41. Rxe3 Rxe3 42. Bg2 Qxg3 43. Qh5 Qxf4 44. Rf1 Qg5 0-1

[Event "Principal A 2023/2024"]
[Site "Vitrolles"]
[Date "2023.12.02"]
[Round "4"]
[White "Rasolo, Loick"]
[Black "Urcun, Gael"]
[Result "1-0"]
[WhiteElo "2022"]
[BlackElo "1786"]
[PlyCount "61"]

1. d4 Nf6 2. Nc3 d5 3. Bf4 a6 4. e3 Nc6 5. a3 Bf5 6. f3 h5 7. Bd3 Bxd3 8. Qxd3
e6 9. Nge2 Bd6 10. Bg5 Qd7 11. e4 dxe4 12. fxe4 Nh7 13. Be3 Be7 14. e5 Bh4+ 15.
g3 Bg5 16. O-O-O O-O-O 17. Bxg5 Nxg5 18. h4 Nh7 19. Ne4 Kb8 20. Nc5 Qc8 21. Qf3
Rdf8 22. Nxa6+ bxa6 23. Qxc6 Qb7 24. Qxb7+ Kxb7 25. Nf4 g6 26. Rhf1 Rd8 27. Nd3
Rhf8 28. Nc5+ Kb6 29. Rf3 a5 30. c3 g5 31. Rdf1 1-0

[Event "Principal A 2023/2024"]
[Site "Vitrolles"]
[Date "2023.12.02"]
[Round "4"]
[White "Baroyan, Davit"]
[Black "Tiran, Baptiste"]
[Result "1/2-1/2"]
[WhiteElo "2208"]
[BlackElo "1650"]
[PlyCount "125"]

1. e4 e5 2. Nf3 Nf6 3. Nxe5 d5 4. exd5 Qxd5 5. Qe2 Be7 6. Nc3 Qe6 7. d4 O-O 8.
Qc4 c5 9. Qxe6 Bxe6 10. Be3 cxd4 11. Bxd4 Nbd7 12. Nxd7 Nxd7 13. Be2 b6 14. O-O
Rfd8 15. Rfd1 Rac8 16. Ba6 Rc7 17. Be3 Bf6 18. Bd4 Be7 19. Bd3 Nc5 20. Be5 Rcd7
21. Be2 Bf5 22. Rxd7 Rxd7 23. Rc1 g5 24. Nb5 f6 25. Bc3 Na4 26. Bf3 Nxc3 27.
Nxc3 Kf7 28. Be4 Bxe4 29. Nxe4 f5 30. Nc3 Bf6 31. Nd1 f4 32. Kf1 g4 33. c3 Bg5
34. Rb1 f3 35. gxf3 gxf3 36. Kg1 Rd2 37. a4 Ke6 38. Kf1 Kd5 39. b3 Ke4 40. c4
Kd3 41. Rc1 Ra2 42. Rc3+ Kd2 43. Rxf3 Kxd1 44. Rf7 Bh4 45. Rxh7 Bxf2 46. Rd7+
Kc1 47. Rxa7 Bc5 48. Ra6 Rf2+ 49. Kg1 Rf3+ 50. Kg2 Rxb3 51. a5 Ra3 52. Rxb6
Bxb6 53. axb6 Rb3 54. c5 Rb5 55. Kf3 Rxc5 56. h4 Kd2 57. Kg4 Ke3 58. h5 Rb5 59.
h6 Rxb6 60. Kg5 Rb1 61. h7 Rh1 62. Kg6 Kf4 63. Kg7 1/2-1/2

[Event "Principal A 2023/2024"]
[Site "Vitrolles"]
[Date "2023.12.02"]
[Round "4"]
[White "Fabet, Olivier"]
[Black "Busson, Benoit"]
[Result "0-1"]
[WhiteElo "1662"]
[BlackElo "1869"]
[PlyCount "56"]

1. e4 e5 2. Nf3 Nc6 3. Bb5 f5 4. Nc3 fxe4 5. Nxe4 Nf6 6. Nxf6+ Qxf6 7. Qe2 Be7
8. Bxc6 bxc6 9. d4 Qg6 10. Nxe5 Qxg2 11. Qf3 Qxf3 12. Nxf3 O-O 13. Ne5 c5 14.
Be3 cxd4 15. Bxd4 c5 16. Be3 Bf6 17. Bxc5 Re8 18. O-O-O Bxe5 19. Kb1 Bb7 20.
Rhg1 Bc6 21. h4 Rab8 22. Ba3 Re6 23. b3 a5 24. Bc1 a4 25. f4 Bf6 26. h5 axb3
27. axb3 Be4 28. Bb2 Rxb3 0-1

[Event "Principal B 2023/2024"]
[Site "Vitrolles"]
[Date "2023.12.02"]
[Round "4"]
[White "Derige Kane, Yan"]
[Black "Nobili, Denis"]
[Result "1-0"]
[WhiteElo "2184"]
[BlackElo "1849"]
[PlyCount "61"]

1. d4 e6 2. e4 b6 3. Bd3 Bb7 4. Nf3 c5 5. c3 Nf6 6. Qe2 Be7 7. O-O d6 8. Bg5 h6
9. Bh4 g5 10. Bg3 Nh5 11. Nfd2 Nf4 12. Bxf4 gxf4 13. Qg4 Nc6 14. Bb5 a6 15.
Bxc6+ Bxc6 16. Qxf4 Bg5 17. Qg3 Bh4 18. Qe3 Qc7 19. d5 Bd7 20. Na3 O-O-O 21. b4
Kb7 22. Rab1 Bf6 23. bxc5 Qxc5 24. Ndc4 Bb5 25. Qxc5 dxc5 26. Nxb5 axb5 27.
Rxb5 Bxc3 28. Rxb6+ Ka7 29. Rfb1 exd5 30. exd5 Rhe8 31. Rb7+ 1-0

[Event "Principal B 2023/2024"]
[Site "Vitrolles"]
[Date "2023.12.02"]
[Round "4"]
[White "Roganova, Maxime"]
[Black "Pinto, Axel"]
[Result "0-1"]
[WhiteElo "1854"]
[BlackElo "1953"]
[PlyCount "86"]

1. e4 c5 2. d4 cxd4 3. c3 dxc3 4. Nxc3 Nc6 5. Nf3 e6 6. Bc4 Bb4 7. O-O Nge7 8.
Qc2 O-O 9. Bg5 h6 10. Be3 f5 11. Rfd1 Qa5 12. Nd5 fxe4 13. Qxe4 Nf5 14. a3 Be7
15. Nxe7+ Ncxe7 16. b4 Qa4 17. b5 Kh8 18. Bc5 Qa5 19. Bb4 Qb6 20. Qd3 d5 21.
Bb3 Bd7 22. a4 Be8 23. Rac1 Bh5 24. Bc5 Qd8 25. Re1 Bxf3 26. Qxf3 Nd4 27. Qd3
Nxb3 28. Qxb3 Rf6 29. Bxe7 Qxe7 30. Qxd5 Qf7 31. Qd2 Rf8 32. Re2 Rf4 33. a5 Qf5
34. b6 axb6 35. axb6 e5 36. Qe3 e4 37. Rc5 Qf6 38. g3 Rf3 39. Qd2 e3 40. fxe3
Rf1+ 41. Kg2 Rg1+ 42. Kh3 Qe6+ 43. Kh4 Qe7+ 0-1

[Event "Principal B 2023/2024"]
[Site "Vitrolles"]
[Date "2023.12.02"]
[Round "4"]
[White "Hileyan, Michel"]
[Black "Delaplace, Mathias"]
[Result "0-1"]
[WhiteElo "1737"]
[BlackElo "1934"]
[PlyCount "110"]

1. d4 Nf6 2. Bf4 g6 3. e3 Bg7 4. Nf3 O-O 5. Be2 c5 6. h3 d6 7. O-O Nc6 8. c3
cxd4 9. exd4 e5 10. dxe5 dxe5 11. Qxd8 Rxd8 12. Bg5 h6 13. Bxf6 Bxf6 14. Rd1
Rxd1+ 15. Bxd1 Bf5 16. Na3 Rd8 17. Bc2 Bxc2 18. Nxc2 e4 19. Nfe1 Rd2 20. Rb1
Bd8 21. Ne3 Bb6 22. N1c2 Ne5 23. Rd1 Bxe3 24. Nxe3 Rxb2 25. a4 Nd3 26. f3 Re2
27. Ng4 Nf4 28. Nf6+ Kg7 29. Nxe4 Rxg2+ 30. Kf1 Rb2 31. Rd7 Rb1+ 32. Kf2 Nxh3+
33. Kg3 Ng5 34. Nd6 Rb6 35. a5 Rc6 36. c4 a6 37. Nxb7 Rxc4 38. f4 Ne4+ 39. Kf3
Nc5 40. Rc7 Rxf4+ 41. Kxf4 Ne6+ 42. Ke5 Nxc7 43. Kd6 Nb5+ 44. Kc6 h5 45. Nc5 h4
46. Kb6 h3 47. Nd3 h2 48. Nf2 Na3 49. Kxa6 Nc4 50. Kb5 Nxa5 51. Kxa5 g5 52. Kb4
g4 53. Nh1 f5 54. Kc4 f4 55. Kd4 g3 0-1

[Event "Principal A 2023/2024"]
[Site "Vitrolles"]
[Date "2021.10.02"]
[Round "5"]
[White "Tiran, Baptiste"]
[Black "Rasolo, Loick"]
[Result "1/2-1/2"]
[WhiteElo "1717"]
[BlackElo "2043"]
[PlyCount "56"]

1. d4 Nf6 2. c4 e6 3. g3 c5 4. Nf3 cxd4 5. Nxd4 Nc6 6. Bg2 Bc5 7. Nb5 d6 8. a3
a6 9. N5c3 h6 10. b4 Bb6 11. Bb2 Ne5 12. Nd2 O-O 13. O-O Qe7 14. Rc1 Rd8 15.
Qb3 Rb8 16. Nde4 Nxe4 17. Nxe4 Bc7 18. Rfd1 b6 19. Qc3 f5 20. Nd2 Ng6 21. Nb3
e5 22. Rd2 Be6 23. Rcd1 Qf7 24. Bd5 Bxd5 25. cxd5 Rdc8 26. Qc6 Ne7 27. Qd7 Ng6
28. Qc6 Ne7 1/2-1/2

[Event "Principal A 2023/2024"]
[Site "Vitrolles"]
[Date "2021.10.02"]
[Round "5"]
[White "Busson, Benoit"]
[Black "Baroyan, Davit"]
[Result "1-0"]
[WhiteElo "1869"]
[BlackElo "2195"]
[PlyCount "143"]

1. e4 c5 2. b4 cxb4 3. a3 d5 4. exd5 Qxd5 5. Nf3 e5 6. axb4 Bxb4 7. c3 e4 8.
cxb4 exf3 9. Qxf3 Qxf3 10. gxf3 Ne7 11. b5 O-O 12. Bg2 Bf5 13. O-O Nd7 14. Nc3
Bd3 15. Re1 Rfe8 16. Ba3 Nf5 17. f4 Nf6 18. Bc5 Nd7 19. Rxe8+ Rxe8 20. Be3 Nd6
21. Rxa7 Nxb5 22. Nxb5 Bxb5 23. Rxb7 Rb8 24. Rxb8+ Nxb8 25. Be4 Bc6 26. Bd3 Bd5
27. Kf1 Nc6 28. Bc5 Nd8 29. Ke2 Ne6 30. Be3 h5 31. f5 Nc7 32. Bf4 Ne8 33. Be5
Kf8 34. Ke3 Ke7 35. h4 Nf6 36. Bxf6+ Kxf6 37. Be4 Bb3 38. Kf4 Ba4 39. d4 Bd7
40. Bf3 g6 41. fxg6 fxg6 42. Be4 Bb5 43. d5 Bd7 44. d6 Be8 45. Bb7 Bd7 46. Bg2
Bf5 47. Bc6 Ke6 48. Kg5 Kxd6 49. Be8 Ke5 50. Bxg6 Bd7 51. f4+ Kd6 52. Bxh5 Ke7
53. Bg4 Bb5 54. h5 Kf8 55. Be6 Kg7 56. h6+ Kh7 57. Bf5+ Kh8 58. Kf6 Ba6 59. Be4
Bc8 60. Ke7 Bh3 61. Bd5 Bf5 62. Kf6 Bd3 63. Ke5 Be2 64. f5 Kh7 65. f6 Kxh6 66.
Ke6 Bh5 67. Ke7 Kg5 68. Bf7 Be2 69. Be8 Bc4 70. Bd7 Kf4 71. Be6 Bxe6 72. Kxe6
1-0

[Event "Principal A 2023/2024"]
[Site "Vitrolles"]
[Date "2021.10.02"]
[Round "5"]
[White "Urcun, Gael"]
[Black "Fabet, Olivier"]
[Result "0-1"]
[WhiteElo "1760"]
[BlackElo "1651"]
[PlyCount "112"]

1. e4 c5 2. Nc3 Nc6 3. g3 Nf6 4. Bg2 e6 5. d3 Be7 6. f4 d6 7. Nf3 Qc7 8. O-O a6
9. h3 O-O 10. g4 b5 11. Ne2 e5 12. Ng3 Nd4 13. g5 Ne8 14. f5 g6 15. f6 Bd8 16.
c3 Ne6 17. Nh2 b4 18. Ng4 bxc3 19. Nh6+ Kh8 20. bxc3 Qa5 21. c4 Rb8 22. h4 Qc3
23. Be3 Ba5 24. Rb1 Rxb1 25. Qxb1 Bb4 26. h5 Nd4 27. Rc1 Qa3 28. hxg6 fxg6 29.
Bxd4 cxd4 30. Ne2 Be6 31. Qb3 Qxb3 32. axb3 Bd2 33. Ra1 Bxg5 34. f7 Ng7 35.
Rxa6 Bxh6 36. Rxd6 Bxf7 37. b4 Rb8 38. b5 Ne8 39. Rc6 Bf8 40. Bh3 Nd6 41. Rc7

[Event "Principal B 2023/2024"]
[Site "Vitrolles"]
[Date "2021.10.02"]
[Round "5"]
[White "Pinto, Axel"]
[Black "Derige Kane, Yan"]
[Result "0-1"]
[WhiteElo "1968"]
[BlackElo "2232"]
[PlyCount "44"]

1. d4 d5 2. c4 e6 3. g3 Nf6 4. Nf3 dxc4 5. Bg2 Nc6 6. O-O Rb8 7. a4 Bb4 8. Bd2
Be7 9. e3 O-O 10. Qc2 b6 11. Qxc4 Na5 12. Qc2 Bb7 13. Nc3 c5 14. Rfd1 cxd4 15.
Nxd4 Bxg2 16. Kxg2 Qc7 17. Rac1 Rbc8 18. Qb1 Qb7+ 19. Kg1 Nc4 20. Nce2 Ne4 21.
Bc3 Ng5 22. h4 Nh3+ 0-1

[Event "Principal B 2023/2024"]
[Site "Vitrolles"]
[Date "2021.10.02"]
[Round "5"]
[White "Delaplace, Mathias"]
[Black "Roganova, Maxime"]
[Result "1-0"]
[WhiteElo "1975"]
[BlackElo "1885"]
[PlyCount "77"]

1. e4 c5 2. Nf3 d6 3. d4 cxd4 4. Nxd4 Nf6 5. Nc3 a6 6. h4 Nc6 7. h5 e5 8. Nb3
Be6 9. f4 exf4 10. Bxf4 d5 11. exd5 Nxd5 12. Nxd5 Qxd5 13. Qxd5 Bxd5 14. O-O-O
Be6 15. Be2 Be7 16. Bf3 O-O 17. Bd6 Bxd6 18. Rxd6 Rac8 19. Nc5 Bf5 20. g4 Be6
21. Nxe6 fxe6 22. Bxc6 Rxc6 23. Rxc6 bxc6 24. Re1 Kf7 25. Rf1+ Ke7 26. Rxf8
Kxf8 27. b4 Ke7 28. Kd2 Kd6 29. a4 Ke5 30. Ke3 Kd5 31. Kd3 Ke5 32. c4 Kf4 33.
b5 cxb5 34. cxb5 axb5 35. axb5 Ke5 36. b6 Kd6 37. Ke4 g6 38. hxg6 hxg6 39. g5
1-0

[Event "Principal B 2023/2024"]
[Site "Vitrolles"]
[Date "2021.10.02"]
[Round "5"]
[White "Nobili, Denis"]
[Black "Hileyan, Michel"]
[Result "1/2-1/2"]
[WhiteElo "1788"]
[BlackElo "1736"]
[PlyCount "54"]

1. d4 f5 2. g3 Nf6 3. Bg2 g6 4. Nf3 Bg7 5. c4 d6 6. Nc3 c6 7. O-O O-O 8. Qc2
Na6 9. a3 Qc7 10. b4 e5 11. dxe5 dxe5 12. e4 Be6 13. Qe2 Rad8 14. exf5 Bxf5 15.
Rd1 e4 16. Nd4 Bg4 17. f3 exf3 18. Bxf3 Rxd4 19. Rxd4 Bxf3 20. Qxf3 Nd5 21. Qd3
Qe5 22. Ne2 Nc3 23. Be3 Nxe2+ 24. Qxe2 Re8 25. Rad1 Bh6 26. Rd8 Bxe3+ 27. Kg2
Nc7 1/2-1/2


Kg8 42. Kg2 Nxb5 43. cxb5 Rxb5 44. Bd7 Rc5 45. Rb7 Rc2 46. Kf3 g5 47. Bf5 Bh5+
48. Kg3 Rxe2 49. Be6+ Kh8 50. Rb8 Re3+ 51. Kg2 Kg7 52. Rb7+ Kf6 53. Bd5 Bg6 54.
Rb6+ Kg7 55. Rb7+ Kh6 56. Rb6 Rxd3 0-1

[Event "Principal 2023/2024"]
[Site "Vitrolles"]
[Date "03.02.2024"]
[Round "6"]
[White "Fabet, Olivier"]
[Black "Hileyan, Michel"]
[Result "0-1"]
[WhiteElo "1644"]
[BlackElo "1769"]
[PlyCount "113"]

1. e4 d5 2. exd5 Nf6 3. d4 Bg4 4. Bb5+ Nbd7 5. f3 Bf5 6. Nc3 a6 7. Bd3 Bxd3 8.
Qxd3 Nb6 9. Bd2 Nbxd5 10. Nxd5 Qxd5 11. c4 Qd7 12. Ne2 e6 13. O-O Be7 14. Bc3
O-O 15. Rad1 Rfd8 16. Rfe1 b5 17. b3 b4 18. Bb2 e5 19. d5 Bc5+ 20. Kf1 e4 21.
fxe4 Ng4 22. Nd4 Nxh2+ 23. Ke2 Qg4+ 24. Kd2 Re8 25. Kc2 Qg6 26. Nf5 f6 27. d6
cxd6 28. Ne7+ Rxe7 29. Qd5+ Kf8 30. Qxa8+ Re8 31. Qd5 Qxg2+ 32. Kb1 Nf3 33. Rh1
Ng5 34. e5 Qxd5 35. Rxd5 fxe5 36. Bc1 Ne4 37. Bb2 Nf6 38. Rd2 Kg8 39. Rg2 Rf8
40. Rgh2 h6 41. Bc1 Ne4 42. Rg2 Nc3+ 43. Kb2 Rf2+ 44. Rxf2 Bxf2 45. a3 a5 46.
axb4 axb4 47. Kc2 Ne4 48. Bd2 Nxd2 49. Kxd2 e4 50. Rh2 Bc5 51. Ke2 Kh7 52. Rh4
e3 53. Kf3 g5 54. Rh2 Kg6 55. Kg3 h5 56. Kf3 g4+ 57. Kf4 0-1

[Event "Principal 2023/2024"]
[Site "Vitrolles"]
[Date "03.02.2024"]
[Round "6"]
[White "Tiran, Baptiste"]
[Black "Roganova, Maxime"]
[Result "0-1"]
[WhiteElo "1715"]
[BlackElo "1911"]
[PlyCount "56"]

1. e4 c5 2. d4 cxd4 3. c3 dxc3 4. Nxc3 Nc6 5. Nf3 e6 6. Bc4 Bb4 7. Bd2 Nge7 8.
a3 Bc5 9. b4 Bb6 10. Bg5 O-O 11. O-O f6 12. Bh4 Ng6 13. Bg3 Nge5 14. Nxe5 fxe5
15. b5 Na5 16. Ba2 Qg5 17. Kh1 Bd4 18. Rc1 b6 19. Ne2 Bc5 20. f4 exf4 21. Bxf4
Qe7 22. Nd4 Kh8 23. Qd3 Bb7 24. Rf3 e5 25. Nf5 Rxf5 26. exf5 e4 27. Qf1 exf3
28. gxf3 Re8 0-1

[Event "Principal 2023/2024"]
[Site "Vitrolles"]
[Date "03.02.2024"]
[Round "6"]
[White "Busson, Benoit"]
[Black "Derige Kane, Yan"]
[Result "0-1"]
[WhiteElo "1819"]
[BlackElo "2223"]
[PlyCount "108"]

1. e4 c5 2. Nf3 e6 3. b4 cxb4 4. d4 d5 5. e5 Nc6 6. Bd3 Nge7 7. O-O Nf5 8. Be3
Be7 9. g4 Nh4 10. Nxh4 Bxh4 11. f4 Be7 12. Nd2 Bd7 13. Qf3 Qb6 14. Qf2 h5 15.
g5 g6 16. h4 Na5 17. Qe2 Rc8 18. Nb3 Nc4 19. Bxc4 Rxc4 20. Nc5 Bxc5 21. dxc5
Qa6 22. Qf2 Qa4 23. Rfc1 O-O 24. Qd2 Rc8 25. c3 bxc3 26. Rxc3 Re4 27. Rb3 Bc6
28. Rd3 Bb5 29. Rd4 Rxd4 30. Qxd4 Qc2 31. a4 Bd3 32. Bf2 Qe2 33. Kh2 Be4 34.
Qe3 Qb2 35. Qd4 Qe2 36. Qe3 Qg4 37. Rg1 Qf5 38. Rd1 b6 39. cxb6 axb6 40. Rc1
Rxc1 41. Qxc1 Qg4 42. Qg1 Qxf4+ 43. Qg3 Qc1 44. Qg1 Qc2 45. Kg3 Qc3+ 46. Kh2
Qxe5+ 47. Bg3 Qb2+ 48. Qf2 Qa1 49. Qg1 Qxa4 50. Qxb6 Qd1 51. Qg1 Qf3 52. Be5
Qe2+ 53. Kg3 Qg4+ 54. Kf2 Qf5+ 0-1

[Event "Principal 2023/2024"]
[Site "Vitrolles"]
[Date "03.02.2024"]
[Round "6"]
[White "Pinto, Axel"]
[Black "Rasolo, Loick"]
[Result "1-0"]
[WhiteElo "1953"]
[BlackElo "2016"]
[PlyCount "57"]

1. d4 Nf6 2. c4 e6 3. Nf3 a6 4. Bf4 d5 5. e3 dxc4 6. Bxc4 b5 7. Be2 Bb7 8. a4
b4 9. Nbd2 Nbd7 10. Rc1 Bd6 11. Bg3 Ne4 12. Bd3 Nxg3 13. hxg3 g6 14. Nb3 Bd5
15. e4 Bxb3 16. Qxb3 e5 17. Qd5 exd4 18. e5 Be7 19. e6 Nb6 20. Qc6+ Kf8 21. Ne5
Qd6 22. Nxf7 Qxc6 23. Rxc6 Rg8 24. Rxh7 Rg7 25. Rh8+ Rg8 26. Rxg8+ Kxg8 27.
Rxc7 Re8 28. Bxg6 Nd5 29. Rd7 1-0

[Event "Principal 2023/2024"]
[Site "Vitrolles"]
[Date "17.02.2024"]
[Round "7"]
[White "Fabet, Olivier"]
[Black "Nobili, Denis"]
[Result "1/2-1/2"]
[WhiteElo "1644"]
[BlackElo "1795"]
[PlyCount "43"]

1. e4 c5 2. Nf3 Nc6 3. d4 cxd4 4. Nxd4 Nf6 5. Nc3 d6 6. Bg5 e6 7. Qd2 a6 8.
O-O-O Bd7 9. Kb1 b5 10. f4 b4 11. Nce2 Nxe4 12. Qe3 Nxg5 13. fxg5 Be7 14. Nf3
O-O 15. h4 Rb8 16. Ng3 Qb6 17. Qe4 d5 18. Qg4 Na7 19. Bd3 Bb5 20. Nh5 Bxd3 21.
Rxd3 Qd8 22. Qd4 1/2-1/2

[Event "Principal 2023/2024"]
[Site "Vitrolles"]
[Date "17.02.2024"]
[Round "7"]
[White "Roganova, Maxime"]
[Black "Urcun, Gael"]
[Result "1-0"]
[WhiteElo "1911"]
[BlackElo "1773"]
[PlyCount "69"]

1. e4 c6 2. c4 d5 3. exd5 cxd5 4. cxd5 Nf6 5. Nc3 Nxd5 6. Nf3 a6 7. Bc4 e6 8.
O-O Be7 9. d4 O-O 10. Re1 Nc6 11. a3 b5 12. Bd3 Bb7 13. Bb1 Bf6 14. Ne4 Rc8 15.
Nxf6+ Nxf6 16. Bg5 Ne7 17. Qd3 Ng6 18. h4 Bxf3 19. gxf3 Qd5 20. Ba2 Qd6 21.
Rad1 Nh5 22. Re4 h6 23. Rxe6 fxe6 24. Qxg6 Rce8 25. Bxh6 Re7 26. Bg5 Nf4 27.
Bxe7 Qxe7 28. Qg4 Rf6 29. h5 Qf7 30. Re1 Kf8 31. d5 Rf5 32. dxe6 Qf6 33. e7+
Ke8 34. Kf1 Rxh5 35. Qc8# 1-0